[Event "Tula Region-ch"]
[Site "Tula"]
[Date "2014.03.16"]
[Round "6"]
[White "Konaplev, Anton"]
[Black "Tkachev, Grigory"]
[Result "1-0"]
[WhiteElo "2007"]
[BlackElo "2148"]
[PlyCount "143"]
[EventDate "2014.03.11"]
[EventType "swiss"]
[EventRounds "9"]
[EventCountry "RUS"]
[SourceTitle "CBM 159 Extra"]
[Source "ChessBase"]
[SourceDate "2014.04.24"]
[SourceVersion "1"]
[SourceVersionDate "2014.04.24"]
[SourceQuality "1"]

1. c4 Nf6 2. Nc3 g6 3. e4 d6 4. d4 Bg7 5. Be2 c5 6. Nf3 0-0 7. 0-0 Bg4 8. d5 a6 9. h3 Bxf3 10. Bxf3 Nbd7 11. Be2 Rb8 12. Qc2 Ne8 13. Be3 Nc7 14. Rab1 b5 15. cxb5 Nxb5 16. Nxb5 axb5 17. b4 c4 18. a4 bxa4 19. Bxc4 Ra8 20. Ba2 Qb8 21. Rfc1 Rc8 22. Qd2 Qb5 23. Rc6 Ne5 24. Rb6 Qd3 25. Qxd3 Nxd3 26. Rc6 Bb2 27. b5 a3 28. b6 Rcb8 29. Rc4 Nc5 30. Rb4 Nd3 31. Rb5 Rb7 32. Rd1 Ne5 33. Bc1 Bxc1 34. Rxc1 Ra6 35. Rc3 Rbxb6 36. Rxb6 Rxb6 37. Rxa3 Rb2 38. f3 Kg7 39. Bb3 g5 40. Ba4 Ng6 41. Rb3 Ra2 42. Bb5 Nf4 43. Bf1 Kf6 44. Rb8 h5 45. Rb7 h4 46. Rc7 Ng6 47. Bb5 Ke5 48. Bf1 Kf4 49. Rc3 Rb2 50. Ra3 Ne5 51. Ra7 Ke3 52. Rxe7 Rb1 53. Rc7 Ra1 54. Rc2 Ng6 55. Re2+ Kd4 56. Rb2 Nf4 57. Rb4+ Kc3 58. Rb6 Ne2+ 59. Kf2 Ng3 60. Ba6 Kd4 61. Rb4+ Ke5 62. Bc4 Kf4 63. Rb7 Ke5 64. Rxf7 Kd4 65. Bb5 Ra2+ 66. Ke1 Rxg2 67. Rb7 Rh2 68. Bd7 Ke3 69. Rb3+ Kf4 70. Bg4 Rh1+ 71. Kd2 Rh2+ 72. Kd3 1-0

[Event "RUS-chT Clubs U18"]
[Site "Rybinsk"]
[Date "2009.08.05"]
[Round "4"]
[White "Tkachev, Grigory"]
[Black "Komissarov, Stanislav"]
[Result "1-0"]
[WhiteElo "2100"]
[BlackElo "1948"]
[PlyCount "101"]
[EventDate "2009.08.02"]
[EventType "team-swiss"]
[EventRounds "9"]
[EventCountry "RUS"]
[SourceTitle "CBM 131 Extra"]
[Source "ChessBase"]
[SourceDate "2009.09.03"]
[SourceVersion "2"]
[SourceVersionDate "2009.09.16"]
[SourceQuality "1"]

1. d4 Nf6 2. Nf3 e6 3. g3 b5 4. a4 b4 5. Bg2 Bb7 6. 0-0 Be7 7. c4 c5 8. Bf4 Qb6 9. b3 0-0 10. Ra2 d6 11. dxc5 dxc5 12. Ne5 Bxg2 13. Kxg2 Rd8 14. Rd2 Nc6 15. Nxc6 Qxc6+ 16. f3 e5 17. Bxe5 Ng4 18. Bf4 g5 19. h3 Nh6 20. Be3 Nf5 21. Bf2 Rxd2 22. Nxd2 Rd8 23. Qc2 Qg6 24. Ne4 Nd4 25. Bxd4 Rxd4 26. Rd1 f5 27. Rxd4 cxd4 28. Nf2 Bc5 29. Nd3 Qd6 30. Qd2 h6 31. f4 Qc6+ 32. Kh2 g4 33. Ne5 Qe4 34. Qd3 h5 35. hxg4 hxg4 36. Qxe4 fxe4 37. Kg2 e3 38. Nd3 Be7 39. Kf1 Bd6 40. c5 Be7 41. c6 Bd6 42. Nxb4 Kf7 43. Nd3 Ke6 44. b4 Kd5 45. b5 Kc4 46. f5 Kd5 47. Kg2 Bc7 48. Nb4+ Kd6 49. f6 Bb6 50. f7 Ke7 51. Nd5+ 1-0

[Event "RUS-ch U16"]
[Site "Dagomys"]
[Date "2009.04.23"]
[Round "9"]
[White "Tkachev, Grigory"]
[Black "Kubatko, Ivan"]
[Result "1/2-1/2"]
[WhiteElo "2124"]
[BlackElo "2119"]
[PlyCount "55"]
[EventDate "2009.04.15"]
[EventType "swiss"]
[EventRounds "9"]
[EventCountry "RUS"]
[SourceTitle "CBM 130 Extra"]
[Source "ChessBase"]
[SourceDate "2009.07.02"]
[SourceVersion "2"]
[SourceVersionDate "2009.07.15"]
[SourceQuality "1"]

1. d4 e6 2. c4 f5 3. Nc3 Nf6 4. Nf3 Bb4 5. d5 0-0 6. Qb3 a5 7. Bg5 Na6 8. dxe6 dxe6 9. e3 Qe8 10. a3 Nc5 11. Qc2 Bxc3+ 12. Qxc3 Nce4 13. Qc2 Nxg5 14. Nxg5 e5 15. c5 Kh8 16. 0-0-0 Bd7 17. Bc4 Qe7 18. Ba2 a4 19. c6 bxc6 20. h4 Ra5 21. Kb1 h6 22. Ka1 Nd5 23. Nf3 Nb6 24. Ng5 Nd5 25. Nf3 Nb6 26. Ng5 Nd5 27. Nf3 Nb6 28. Ng5 1/2-1/2

[Event "RUS-ch U16"]
[Site "Dagomys"]
[Date "2009.04.21"]
[Round "7"]
[White "Donskov, Anatoly"]
[Black "Tkachev, Grigory"]
[Result "1-0"]
[WhiteElo "2176"]
[BlackElo "2124"]
[PlyCount "79"]
[EventDate "2009.04.15"]
[EventType "swiss"]
[EventRounds "9"]
[EventCountry "RUS"]
[SourceTitle "CBM 130 Extra"]
[Source "ChessBase"]
[SourceDate "2009.07.02"]
[SourceVersion "2"]
[SourceVersionDate "2009.07.15"]
[SourceQuality "1"]

1. e4 c5 2. Nf3 Nc6 3. d4 cxd4 4. Nxd4 Nf6 5. Nc3 e5 6. Ndb5 d6 7. Bg5 a6 8. Na3 b5 9. Nd5 Be7 10. Bxf6 Bxf6 11. c3 Bg5 12. Nc2 0-0 13. a4 bxa4 14. Rxa4 a5 15. Bc4 Rb8 16. Ra2 Kh8 17. Nce3 g6 18. h4 Bh6 19. b3 Be6 20. h5 Kg7 21. g3 Qg5 22. hxg6 hxg6 23. Qf3 Rb7 24. Qg2 f5 25. exf5 gxf5 26. f4 Qg6 27. Re2 Rbf7 28. Rh4 Rg8 29. Qh3 Rh8 30. Rg2 Kf8 31. Rh2 Rfh7 32. Rh5 exf4 33. gxf4 Qg1+ 34. Ke2 Qb1 35. Qh4 Qb2+ 36. Kf3 Bxd5+ 37. Nxd5 Qc1 38. Qf6+ Ke8 39. Qe6+ Ne7 40. Nc7+ 1-0

[Event "RUS-ch U16"]
[Site "Dagomys"]
[Date "2009.04.15"]
[Round "1"]
[White "Tkachev, Grigory"]
[Black "Svetlov, Dmitry"]
[Result "0-1"]
[WhiteElo "2124"]
[BlackElo "2348"]
[PlyCount "74"]
[EventDate "2009.04.15"]
[EventType "swiss"]
[EventRounds "9"]
[EventCountry "RUS"]
[SourceTitle "CBM 130 Extra"]
[Source "ChessBase"]
[SourceDate "2009.07.02"]
[SourceVersion "2"]
[SourceVersionDate "2009.07.15"]
[SourceQuality "1"]

1. d4 Nf6 2. c4 g6 3. f3 Bg7 4. e4 0-0 5. Nc3 d6 6. Be3 e5 7. Nge2 Nbd7 8. d5 Nh5 9. Qd2 f5 10. 0-0-0 Ndf6 11. Bg5 Rf7 12. h3 Qf8 13. g4 Nf4 14. gxf5 gxf5 15. Rg1 Kh8 16. Kb1 fxe4 17. Nxf4 exf4 18. Bxf6 Bxf6 19. Nxe4 Qh6 20. Bd3 Bd7 21. Rde1 Rg8 22. Rxg8+ Kxg8 23. c5 Be5 24. cxd6 Bxd6 25. Qc3 Qg7 26. Qb3 Qd4 27. Rd1 Ba4 28. Qc3 Qxc3 29. Nxc3 Bxd1 30. Nxd1 Rg7 31. Bf5 Rg3 32. Bg4 Rg2 33. Kc1 Be5 34. a3 Bf6 35. a4 Kf8 36. Bf5 h6 37. a5 Ke7 0-1

[Event "RUS-chT Clubs U18"]
[Site "Rybinsk"]
[Date "2008.08.02"]
[Round "1"]
[White "Tkachev, Grigory"]
[Black "Matinian, Nikita"]
[Result "0-1"]
[WhiteElo "2124"]
[BlackElo "2291"]
[PlyCount "80"]
[EventDate "2008.08.02"]
[EventType "team"]
[EventRounds "9"]
[EventCountry "RUS"]
[SourceTitle "CBM 125 Extra"]
[Source "ChessBase"]
[SourceDate "2008.09.01"]
[SourceVersion "1"]
[SourceVersionDate "2008.09.01"]
[SourceQuality "1"]

1. Nf3 d5 2. g3 Nc6 3. d4 Bf5 4. Bg2 Nb4 5. Na3 Nf6 6. c3 Na6 7. Ne5 e6 8. Qb3 Qc8 9. 0-0 Be7 10. c4 0-0 11. cxd5 exd5 12. Bg5 c6 13. Rac1 Nc7 14. Bd2 a5 15. Rfd1 Re8 16. Bg5 a4 17. Qf3 h6 18. Bf4 Be4 19. Qc3 Ne6 20. Bh3 Nxd4 21. Bxc8 Nxe2+ 22. Kf1 Nxc3 23. Bxb7 Nxd1 24. Rxd1 Rab8 25. Bxc6 Rec8 26. Nb5 Rb6 27. Rc1 Bf8 28. Na7 Rc7 29. Be3 Rxb2 30. a3 Bxa3 31. Ra1 Bd6 32. Bd4 a3 33. f3 Bc2 34. f4 Be4 35. Ke1 Rxh2 36. Nb5 Bxe5 37. Nxc7 Bxd4 38. Rxa3 Ng4 39. Nxd5 Bf2+ 40. Kf1 Bxd5 0-1

[Event "Tula CC-ch"]
[Site "Tula"]
[Date "2007.12.11"]
[Round "2"]
[White "Tkachev, Grigory"]
[Black "Manaenkov, Vladimir Nikolaevic"]
[Result "1-0"]
[WhiteElo "2041"]
[BlackElo "2211"]
[PlyCount "76"]
[EventDate "2007.12.08"]
[EventType "swiss"]
[EventRounds "9"]
[EventCountry "RUS"]
[SourceTitle "CBM 122 Extra"]
[Source "ChessBase"]
[SourceDate "2008.03.04"]
[SourceVersion "1"]
[SourceVersionDate "2008.03.04"]
[SourceQuality "1"]

1. Nf3 d5 2. g3 Nf6 3. Bg2 c6 4. 0-0 Bg4 5. d4 e6 6. c4 Nbd7 7. b3 Bd6 8. Bb2 0-0 9. Ne5 Bf5 10. Nd2 Re8 11. Rc1 h6 12. Re1 Qe7 13. e4 dxe4 14. Nxd7 Qxd7 15. Nxe4 Nxe4 16. Bxe4 Bxe4 17. Rxe4 Rad8 18. Qe2 Be7 19. Re1 Bf6 20. Rg4 g6 21. h4 Bg7 22. h5 g5 23. Re4 b5 24. Kg2 bxc4 25. bxc4 Rb8 26. Ba1 Red8 27. f4 c5 28. fxg5 hxg5 29. d5 Bxa1 30. dxe6 fxe6 31. Rxa1 Qg7 32. Rd1 Rxd1 33. Qxd1 Qf6 34. Re3 Rb2+ 35. Kh3 Qf5+ 36. g4 Rh2+ 37. Kxh2 Qf2+ 38. Kh1 Qxe3 1-0

[Event "RUS Central Region-ch"]
[Site "Tula "]
[Date "2007.03.23"]
[Round "7"]
[White "Trubizin, Alexander"]
[Black "Tkachev, Grigory"]
[Result "1/2-1/2"]
[WhiteElo "2099"]
[BlackElo "1986"]
[PlyCount "69"]
[EventDate "2007.03.17"]
[EventType "swiss"]
[EventRounds "9"]
[EventCountry "RUS"]
[SourceTitle "EXT 2008"]
[Source "ChessBase"]
[SourceDate "2007.11.25"]
[SourceVersion "1"]
[SourceVersionDate "2007.11.25"]
[SourceQuality "1"]

1. d4 d5 2. c4 c6 3. cxd5 cxd5 4. Nc3 Nf6 5. Bf4 g6 6. Nf3 Bg7 7. e3 0-0 8. Nb5 Na6 9. a3 Bg4 10. Rc1 Qb6 11. Bd3 Rac8 12. 0-0 h6 13. Qd2 Nh5 14. Be5 Bxf3 15. Bxg7 Nxg7 16. gxf3 Nb8 17. Nc3 Qd6 18. Nb5 Qb6 19. Nc3 e6 20. Na4 Qd6 21. Rxc8 Rxc8 22. Rc1 Rxc1+ 23. Qxc1 Qc6 24. Qxc6 Nxc6 25. Bb5 Kf8 26. Bxc6 bxc6 27. e4 Ke7 28. Kf1 Kd6 29. Ke2 e5 30. dxe5+ Kxe5 31. exd5 cxd5 32. Nc3 Ne6 33. b4 Nd4+ 34. Kd3 Ne6 35. Ne2 1/2-1/2